<?xml version="1.0" encoding="UTF-8"?>
<record
    xmlns:xsi="http://www.w3.org/2001/XMLSchema-instance"
    xsi:schemaLocation="http://www.loc.gov/MARC21/slim http://www.loc.gov/standards/marcxml/schema/MARC21slim.xsd"
    xmlns="http://www.loc.gov/MARC21/slim">

  <leader>01119nam a2200253 i 4500</leader>
  <controlfield tag="001">50949</controlfield>
  <controlfield tag="003">ES-MaACL</controlfield>
  <controlfield tag="005">20230906162251.0</controlfield>
  <controlfield tag="007">t|</controlfield>
  <controlfield tag="008">030807s1963    sp           ||||1| spa d</controlfield>
  <datafield tag="111" ind1="2" ind2=" ">
    <subfield code="a">Certamen Nacional de Cuentos (</subfield>
    <subfield code="n">2&#xBA;. </subfield>
    <subfield code="d">1962)</subfield>
    <subfield code="9">62</subfield>
  </datafield>
  <datafield tag="245" ind1="1" ind2="0">
    <subfield code="a">Cuentos premiados : </subfield>
    <subfield code="b">Segundo Certamen Nacional 1962 / </subfield>
    <subfield code="c">organizado por Diario regional de Valladolid y patrocinado por la Caja de Ahorros y M. de P. de Salamanca ; [ilustraciones de F&#xE9;lix L&#xF3;pez].</subfield>
  </datafield>
  <datafield tag="260" ind1=" " ind2=" ">
    <subfield code="a">Salamanca : </subfield>
    <subfield code="b">[s.n.], </subfield>
    <subfield code="c">1963 (</subfield>
    <subfield code="f">Gr&#xE1;f. Cervantes)</subfield>
  </datafield>
  <datafield tag="300" ind1=" " ind2=" ">
    <subfield code="a">91 p. : </subfield>
    <subfield code="b">il. ; </subfield>
    <subfield code="c">17 cm.</subfield>
  </datafield>
  <datafield tag="505" ind1="8" ind2=" ">
    <subfield code="a">Contiene: Se abrieron las puertas del silencio / Jes&#xFA;s Torbado . El caballo de Enrique Garc&#xED;a Guerreira / Gil de Jes&#xFA;s D&#xED;iez Saiz</subfield>
  </datafield>
  <datafield tag="586" ind1=" " ind2=" ">
    <subfield code="a">2&#xBA; Certamen Nacional de Cuentos, 1962</subfield>
  </datafield>
  <datafield tag="650" ind1=" " ind2="4">
    <subfield code="a">Cuentos espa&#xF1;oles-</subfield>
    <subfield code="y">S.XX.</subfield>
    <subfield code="9">11487</subfield>
  </datafield>
  <datafield tag="700" ind1="1" ind2=" ">
    <subfield code="a">Lopez, F&#xE9;lix.</subfield>
    <subfield code="9">73326</subfield>
  </datafield>
  <datafield tag="700" ind1="1" ind2=" ">
    <subfield code="a">Torbado, Jes&#xFA;s.</subfield>
    <subfield code="9">110622</subfield>
  </datafield>
  <datafield tag="700" ind1="1" ind2=" ">
    <subfield code="a">D&#xED;ez Saiz, Gil de Jes&#xFA;s.</subfield>
    <subfield code="9">44768</subfield>
  </datafield>
  <datafield tag="710" ind1="2" ind2=" ">
    <subfield code="a">Diario Regional de Valladolid.</subfield>
    <subfield code="9">3387</subfield>
  </datafield>
  <datafield tag="710" ind1="2" ind2=" ">
    <subfield code="a">Caja de Ahorros y Monte de Piedad de Salamanca.</subfield>
    <subfield code="9">2323</subfield>
  </datafield>
  <datafield tag="852" ind1=" " ind2=" ">
    <subfield code="a">ES-MaACL</subfield>
    <subfield code="j">C-26511</subfield>
  </datafield>
  <datafield tag="999" ind1=" " ind2=" ">
    <subfield code="c">50949</subfield>
    <subfield code="d">50949</subfield>
  </datafield>
  <datafield tag="952" ind1=" " ind2=" ">
    <subfield code="0">0</subfield>
    <subfield code="1">0</subfield>
    <subfield code="4">0</subfield>
    <subfield code="7">0</subfield>
    <subfield code="a">ATENEOM</subfield>
    <subfield code="b">ATENEOM</subfield>
    <subfield code="c">DEPO2</subfield>
    <subfield code="d">2008-01-17</subfield>
    <subfield code="e">SC</subfield>
    <subfield code="l">0</subfield>
    <subfield code="o">C-26511</subfield>
    <subfield code="p">1053580</subfield>
    <subfield code="r">2023-02-23 00:00:00</subfield>
    <subfield code="w">2023-02-23</subfield>
    <subfield code="y">MONOGRAFIA</subfield>
  </datafield>
</record>
